النحو الوافى : (Record no. 178782)

MARC details
000 -LEADER
fixed length control field 01435namaa22003491i 4500
003 - CONTROL NUMBER IDENTIFIER
control field EG-GICUC
005 - DATE AND TIME OF LATEST TRANSACTION
control field 20260302091105.0
008 - FIXED-LENGTH DATA ELEMENTS--GENERAL INFORMATION
fixed length control field 260302s1995 ua ||||jr|||| 000 0 ara d
017 ## - COPYRIGHT OR LEGAL DEPOSIT NUMBER
Copyright or legal deposit number 1995 / 3470 (v.1)
-- 1995 / 3471 (v.2)
-- 1995 / 3699 (v.3)
-- 1995 / 3394 (v.4)
Assigning agency دار الكتب والوثائق القومية(مصر)
020 ## - INTERNATIONAL STANDARD BOOK NUMBER
International Standard Book Number 9770249122 (v.1)
020 ## - INTERNATIONAL STANDARD BOOK NUMBER
International Standard Book Number 9770249130 (v.2)
020 ## - INTERNATIONAL STANDARD BOOK NUMBER
International Standard Book Number 9770249165 (v.3)
020 ## - INTERNATIONAL STANDARD BOOK NUMBER
International Standard Book Number 9770249092 (v.4)
040 ## - CATALOGING SOURCE
Original cataloging agency EG-GiCUC
Language of cataloging ara
Transcribing agency EG-GiCUC
Modifying agency EG-GiCUC
Description conventions rda
082 04 - DEWEY DECIMAL CLASSIFICATION NUMBER
Edition number 21
Classification number 415.1
Item number H344
092 04 - LOCALLY ASSIGNED DEWEY CALL NUMBER (OCLC)
Edition number 21
Classification number 415.1
Item number H344
099 ## - LOCAL FREE-TEXT CALL NUMBER (OCLC)
Classification number 415.1 H344 1995
100 1# - MAIN ENTRY--PERSONAL NAME
Personal name حسن، عباس
Relator term مؤلف.
245 12 - TITLE STATEMENT
Title النحو الوافى :
Remainder of title مع ربطه بالأساليب الرفيعة، والحياة اللغوية المتجددة /
Statement of responsibility, etc. تأليف عباس حسن
250 ## - EDITION STATEMENT
Edition statement الطبعة الثانية عشر
264 ## - PRODUCTION, PUBLICATION, DISTRIBUTION, MANUFACTURE, AND COPYRIGHT NOTICE
Place of production, publication, distribution, manufacture القاهرة (مصر) :
Name of producer, publisher, distributor, manufacturer دار المعارف،
Date of production, publication, distribution, manufacture, or copyright notice 1995.
300 ## - PHYSICAL DESCRIPTION
Extent ؛ 4 مجلدات
Dimensions 24 سم
Other physical details إيضاحيات، صور، مثيليات ؛ Illustrations
336 ## - CONTENT TYPE
Source rdacontent
Content type term text
337 ## - MEDIA TYPE
Source rdamedia
Media type term Unmediated
338 ## - CARRIER TYPE
Source rdacarrier
Carrier type term volume
504 ## - BIBLIOGRAPHY, ETC. NOTE
Bibliography, etc. note يشتمل على ارجاعات ببليوجرافية
541 ## - IMMEDIATE SOURCE OF ACQUISITION NOTE
Source of acquisition د. جابر عصفور ؛
Address القاهرة ؛
Method of acquisition إهداء ؛
Date of acquisition 2024..
650 17 - SUBJECT ADDED ENTRY--TOPICAL TERM
Topical term or geographic name entry element اللغة العربية
General subdivision النحو
Source of heading or term qrmak
651 1# - SUBJECT ADDED ENTRY--GEOGRAPHIC NAME
Source of heading or term qrmak
905 ## - Cataloger and Reviser Names
Cataloger Name Huda
942 ## - ADDED ENTRY ELEMENTS (KOHA)
Source of classification or shelving scheme Dewey Decimal Classification
Koha item type Books
Edition 21
Suppress in OPAC No
Holdings
Withdrawn status Lost status Source of classification or shelving scheme Damaged status Not for loan Home library Current library Date acquired Inventory number Total checkouts Full call number Barcode Date last seen Price effective from Koha item type
    Dewey Decimal Classification   Not for loan المكتبة المركزبة الجديدة - جامعة القاهرة قاعة المكتبات المهداة - الدور الرابع 02.03.2026 175161   415.1 H344 1995 v.1 J.U. 01000100175161001 02.03.2026 02.03.2026 Books
    Dewey Decimal Classification   Not for loan المكتبة المركزبة الجديدة - جامعة القاهرة قاعة المكتبات المهداة - الدور الرابع 02.03.2026 175161   415.1 H344 1995 v.2 J.U. 01000100175161002 02.03.2026 02.03.2026 Books
    Dewey Decimal Classification   Not for loan المكتبة المركزبة الجديدة - جامعة القاهرة قاعة المكتبات المهداة - الدور الرابع 02.03.2026 175161   415.1 H344 1995 v.3 J.U. 01000100175161003 02.03.2026 02.03.2026 Books
    Dewey Decimal Classification   Not for loan المكتبة المركزبة الجديدة - جامعة القاهرة قاعة المكتبات المهداة - الدور الرابع 02.03.2026 175161   415.1 H344 1995 v.4 J.U. 01000100175161004 02.03.2026 02.03.2026 Books
Cairo University Libraries Portal Implemented & Customized by: Eng. M. Mohamady Contacts: new-lib@cl.cu.edu.eg | cnul@cl.cu.edu.eg
CUCL logo CNUL logo
© All rights reserved — Cairo University Libraries
CUCL logo
Implemented & Customized by: Eng. M. Mohamady Contact: new-lib@cl.cu.edu.eg © All rights reserved — New Central Library
CNUL logo
Implemented & Customized by: Eng. M. Mohamady Contact: cnul@cl.cu.edu.eg © All rights reserved — Cairo National University Library